Million now Living will Never Die: A Study of Jahovah's Witnesses. (Record no. 98)

MARC details
000 -LEADER
fixed length control field 00391nam a22001217a 4500
005 - DATE AND TIME OF LATEST TRANSACTION
control field 20200811152938.0
008 - FIXED-LENGTH DATA ELEMENTS--GENERAL INFORMATION
fixed length control field 200807b ||||| |||| 00| 0 eng d
020 ## - INTERNATIONAL STANDARD BOOK NUMBER
International Standard Book Number 094559406
040 ## - CATALOGING SOURCE
Transcribing agency CML
245 ## - TITLE STATEMENT
Title Million now Living will Never Die: A Study of Jahovah's Witnesses.
Statement of responsibility, etc. Rogerson, A.
260 ## - PUBLICATION, DISTRIBUTION, ETC.
Place of publication, distribution, etc. London
Name of publisher, distributor, etc. Constable & Co Ltd
Date of publication, distribution, etc. 1969
942 ## - ADDED ENTRY ELEMENTS (KOHA)
Source of classification or shelving scheme Dewey Decimal Classification
Koha item type Books
Edition 1st Edition
Classification part 261
Call number suffix ROG

No items available.

Powered by Koha